Fliegende Blätter. (Record no. 883)

MARC details
000 -LEADER
campo de control de longitud fija 00764nas a2200229 i 4500
001 - NÚMERO DE CONTROL
campo de control 883
003 - IDENTIFICADOR DE NÚMERO DE CONTROL
campo de control ES-MaACL
005 - FECHA Y HORA DE LA ÚLTIMA TRANSACCIÓN
campo de control 20250822100004.0
008 - DATOS DE LONGITUD FIJA--INFORMACIÓN GENERAL
campo de control de longitud fija 950801c18451944gw | | 1 ||er d
245 00 - MENCIÓN DEL TÍTULO
Título Fliegende Blätter.
260 ## - PUBLICACIÓN, DISTRIBUCIÓN, ETC.
Lugar de publicación, distribución, etc. München :
Nombre del editor, distribuidor, etc. Braun und Schneider,
Fecha de publicación, distribución, etc. 1845-1944.
300 ## - DESCRIPCIÓN FÍSICA
Extensión 70 v. :
Otras características físicas grab. ;
Dimensiones 28 cm.
310 ## - PERIODICIDAD ACTUAL
Periodicidad actual Semanal
321 ## - PERIODICIDAD ANTERIOR
Periodicidad anterior Quincenal,
Fechas de la periodicidad anterior [18--]-1889
362 0# - FECHAS DE PUBLICACIÓN Y/O DESIGNACIÓN SECUENCIAL
Fecha de publicación y/o designación secuencial 1845-1944.
500 ## - NOTA GENERAL
Nota general A partir de 1891 se publican dos v. por año.
500 ## - NOTA GENERAL
Nota general A partir de 1925 no aparecen reseñados los tomos.
650 17 - PUNTO DE ACCESO ADICIONAL DE MATERIA--TÉRMINO DE MATERIA
Término de materia o nombre geográfico como elemento de entrada Sátira
Fuente del encabezamiento o término embne
9 (RLIN) 16997
852 ## - LOCALIZACIÓN
Ubicación ES-MaACL
Número de control de estantería Hem-307
866 #0 - MENCIÓN TEXTUAL DE FONDOS--UNIDAD BIBLIOGRÁFICA BÁSICA
Fondos 1884-1902(1903)1904-15,1921-23(1924f.n.4092-4093)1925-28(1929f.n.4387y4394)1930,(1933f.n.4571y4578y4586y4606).
Holdings
Estatus retirado Estado de pérdida Estado de daño No para préstamo Colección Biblioteca de origen Biblioteca actual Ubicación en estantería Fecha de adquisición Fuente de adquisición Total de préstamos Signatura topográfica completa Código de barras Visto por última vez Precio de reemplazo Tipo de ítem Koha
        Periódicos y Revistas Biblioteca del Ateneo de Madrid Biblioteca del Ateneo de Madrid Depósito 1 17/01/2008     Hem-307 1000899 23/02/2023 23/02/2023 Revista